[Event "USCF 2001 Absolute-ch corr"]
[Site "USA"]
[Date "2002.??.??"]
[Round "?"]
[White "Bates, Michael W"]
[Black "Schakel, Corky"]
[Result "1/2-1/2"]
[WhiteElo "2363"]
[BlackElo "2454"]
[PlyCount "76"]
[EventDate "2002.??.??"]
[EventType "tourn (corr)"]
[EventRounds "12"]
[EventCountry "USA"]
[SourceTitle "Corr 2006"]
[Source "ChessBase"]
[SourceDate "2006.04.01"]
[SourceVersion "3"]
[SourceVersionDate "2006.04.01"]
[SourceQuality "1"]

1. e4 e6 2. d4 d5 3. Nc3 Nf6 4. Bg5 Be7 5. e5 Nfd7 6. Bxe7 Qxe7 7. f4 0-0 8. Nf3 c5 9. dxc5 Qxc5 10. Qd2 Nb6 11. Qd4 Qxd4 12. Nxd4 Nc6 13. 0-0-0 Bd7 14. Nf3 Rac8 15. Nb5 Nb4 16. c3 Nxa2+ 17. Kb1 Bxb5 18. Bxb5 Nxc3+ 19. bxc3 a6 20. Bd3 Rxc3 21. Nd4 Nc4 22. Bxc4 Rxc4 23. f5 Rfc8 24. Rd2 exf5 25. Nxf5 R8c5 26. Rhd1 g6 27. Nd4 Rc7 28. Nf3 Rb4+ 29. Rb2 Rxb2+ 30. Kxb2 Rc5 31. Rd3 Kf8 32. Rc3 Rxc3 33. Kxc3 a5 34. Nd4 Ke7 35. Nb5 Ke6 36. Kd4 a4 37. h3 h6 38. g3 h5 1/2-1/2

[Event "USA-ch15 prel 06 corr"]
[Site "USA"]
[Date "2000.06.20"]
[Round "?"]
[White "Johnson, Gardner R"]
[Black "Bates, Michael W"]
[Result "1-0"]
[WhiteElo "2217"]
[BlackElo "2340"]
[PlyCount "109"]
[EventDate "2000.06.20"]
[EventType "tourn (corr)"]
[EventRounds "12"]
[EventCountry "USA"]
[SourceTitle "Corr 2006"]
[Source "ChessBase"]
[SourceDate "2006.04.01"]
[SourceVersion "3"]
[SourceVersionDate "2006.04.01"]
[SourceQuality "1"]

1. e4 e5 2. Nf3 Nc6 3. Bb5 a6 4. Ba4 Nf6 5. 0-0 Be7 6. Re1 b5 7. Bb3 0-0 8. c3 d5 9. exd5 Nxd5 10. Nxe5 Nxe5 11. Rxe5 c6 12. d4 Bd6 13. Re1 Qh4 14. g3 Qh3 15. Be3 Bg4 16. Qd3 Rae8 17. Nd2 f5 18. f4 Kh8 19. Bxd5 cxd5 20. Qf1 Qh5 21. a4 bxa4 22. Rxa4 g5 23. Raa1 a5 24. fxg5 f4 25. Bxf4 Rb8 26. b3 Bh3 27. Qxh3 Qxh3 28. Bxd6 Rfe8 29. Bxb8 Rxb8 30. Rxa5 Qf5 31. Re4 Qxg5 32. Re2 Qf5 33. Rf2 Qe6 34. Kg2 Qc6 35. Rc5 Qb7 36. b4 Qa6 37. Nf3 Qe6 38. Ne5 Rb7 39. g4 Rb8 40. b5 Kg8 41. Rf5 Qh6 42. Nd7 Ra8 43. Nf6+ Kh8 44. Rf2 Qh4 45. Rc7 Rg8 46. h3 Rb8 47. Rf7 Qh6 48. Re2 Qxf6 49. Rxf6 Rxb5 50. Re7 Kg8 51. Kf3 Rb8 52. Kf4 h6 53. Rg6+ Kh8 54. Rxh6+ Kg8 55. Kg5 1-0

[Event "USA-ch15 prel 06 corr"]
[Site "USA"]
[Date "2000.06.20"]
[Round "?"]
[White "Rosenfield, Christine"]
[Black "Bates, Michael W"]
[Result "0-1"]
[WhiteElo "2385"]
[BlackElo "2340"]
[PlyCount "72"]
[EventDate "2000.06.20"]
[EventType "tourn (corr)"]
[EventRounds "12"]
[EventCountry "USA"]
[SourceTitle "Corr 2006"]
[Source "ChessBase"]
[SourceDate "2006.04.01"]
[SourceVersion "3"]
[SourceVersionDate "2006.04.01"]
[SourceQuality "1"]

1. d4 Nf6 2. c4 e6 3. g3 d5 4. Bg2 dxc4 5. Nf3 Be7 6. 0-0 0-0 7. Na3 Bxa3 8. bxa3 b5 9. a4 a6 10. Rb1 Bb7 11. axb5 Be4 12. Rb2 axb5 13. Rxb5 Rxa2 14. Bg5 Nbd7 15. Re1 Qa8 16. Qc1 Rc2 17. Qd1 c3 18. Bxf6 Nxf6 19. Re5 Qa2 20. Ng5 Rd2 21. Qc1 Bxg2 22. Kxg2 Nd5 23. Nf3 Rb2 24. Qa1 Qb3 25. Qc1 Rb8 26. e4 Rb1 27. exd5 Rxc1 28. Rxc1 Qb2 29. Ree1 exd5 30. Ne5 c2 31. Nc6 Ra8 32. Ne7+ Kf8 33. Nf5 c5 34. dxc5 Re8 35. Ne3 d4 36. Rxc2 Qb4 0-1

[Event "USCF 1999 Absolute-ch corr"]
[Site "USA"]
[Date "2000.??.??"]
[Round "?"]
[White "Bates, Michael W"]
[Black "Lapham, William"]
[Result "1/2-1/2"]
[WhiteElo "2340"]
[BlackElo "2401"]
[PlyCount "100"]
[EventDate "2000.??.??"]
[EventType "tourn (corr)"]
[EventRounds "12"]
[EventCountry "USA"]
[SourceTitle "Corr 2006"]
[Source "ChessBase"]
[SourceDate "2006.04.01"]
[SourceVersion "3"]
[SourceVersionDate "2006.04.01"]
[SourceQuality "1"]

1. e4 e6 2. d4 d5 3. Nc3 Nf6 4. Bg5 Bb4 5. e5 h6 6. Bd2 Bxc3 7. Bxc3 Ne4 8. Ne2 Nc6 9. Ng3 Nxc3 10. bxc3 g6 11. h4 Qe7 12. Bd3 Bd7 13. Qf3 0-0-0 14. Ne2 Rdf8 15. Nf4 Be8 16. Qg4 Kb8 17. g3 Na5 18. Kd2 c5 19. Rhb1 Bd7 20. a3 Nc6 21. Ba6 Bc8 22. Bb5 Na5 23. Nd3 c4 24. Nc5 Ka8 25. Rb4 a6 26. Ba4 f6 27. Qe2 Rh7 28. f4 g5 29. hxg5 hxg5 30. exf6 Rxf6 31. Nxa6 bxa6 32. Qe5 Bb7 33. Qxg5 Qg7 34. Rh1 Qxg5 35. fxg5 Rxh1 36. gxf6 Rf1 37. Rb6 Rxf6 38. Ke3 Kb8 39. Rd6 Bc8 40. Rd8 Nb7 41. Rg8 Nd6 42. g4 Kc7 43. g5 Rf5 44. g6 Nb5 45. Bxb5 axb5 46. g7 Rg5 47. Kf4 Rg2 48. Ke5 Rg6 49. a4 bxa4 50. Rf8 Rxg7 1/2-1/2

[Event "USCF 1999 Absolute-ch corr"]
[Site "USA"]
[Date "2000.??.??"]
[Round "?"]
[White "Bates, Michael W"]
[Black "Michelman, Peter"]
[Result "0-1"]
[WhiteElo "2340"]
[BlackElo "2370"]
[PlyCount "68"]
[EventDate "2000.??.??"]
[EventType "tourn (corr)"]
[EventRounds "12"]
[EventCountry "USA"]
[SourceTitle "Corr 2006"]
[Source "ChessBase"]
[SourceDate "2006.04.01"]
[SourceVersion "3"]
[SourceVersionDate "2006.04.01"]
[SourceQuality "1"]

1. e4 c5 2. Nf3 Nc6 3. d4 cxd4 4. Nxd4 e5 5. Nb5 d6 6. c4 Be7 7. N1c3 a6 8. Na3 Be6 9. Nd5 Rc8 10. Qb3 Bxd5 11. cxd5 Nd4 12. Qxb7 Nf6 13. f3 Nd7 14. Qxa6 Nc5 15. Qc4 0-0 16. Qb4 Bg5 17. Kd1 Rb8 18. Qe1 Bxc1 19. Kxc1 Qc7 20. Nc4 Ra8 21. Kd1 Ndb3 22. Rb1 Rxa2 23. Qc3 Rb8 24. Ne3 Qa7 25. Nc4 Na4 26. Qc2 Nd4 27. Qc1 Nb5 28. Nd2 Na3 29. bxa3 Rxb1 30. Nxb1 Qd4+ 31. Qd2 Rxd2+ 32. Nxd2 Qa1+ 33. Ke2 Nb2 34. Kf2 Qd1 0-1

[Event "USCF 1999 Absolute-ch corr"]
[Site "USA"]
[Date "2000.??.??"]
[Round "?"]
[White "Rizzo, Robert"]
[Black "Bates, Michael W"]
[Result "1-0"]
[WhiteElo "2376"]
[BlackElo "2340"]
[PlyCount "135"]
[EventDate "2000.??.??"]
[EventType "tourn (corr)"]
[EventRounds "12"]
[EventCountry "USA"]
[SourceTitle "Corr 2006"]
[Source "ChessBase"]
[SourceDate "2006.04.01"]
[SourceVersion "3"]
[SourceVersionDate "2006.04.01"]
[SourceQuality "1"]

1. e4 e5 2. Nf3 Nc6 3. Bb5 a6 4. Bxc6 dxc6 5. 0-0 Qd6 6. d3 f6 7. Be3 c5 8. Nbd2 Be6 9. a3 Qd7 10. Qe2 Rd8 11. Rfd1 Bd6 12. c3 Ne7 13. d4 cxd4 14. cxd4 Qb5 15. Qxb5+ axb5 16. Rac1 0-0 17. d5 Bg4 18. h3 Bh5 19. g4 Bf7 20. Nb3 b6 21. Nbd2 Ra8 22. Ne1 Ra4 23. f3 Ng6 24. Nd3 Ra6 25. Rc2 Rd8 26. Rdc1 Raa8 27. Nf1 Nh4 28. Kf2 Ng6 29. Ng3 Nh4 30. Rxc7 Bxc7 31. Rxc7 Rdc8 32. Bxb6 Rxc7 33. Bxc7 Ng6 34. Nf5 Be8 35. Nd6 Kf8 36. Kg3 Bd7 37. Bb6 Ke7 38. Nb7 Nh8 39. Bc5+ Ke8 40. Nd6+ Kd8 41. Bb4 g5 42. h4 gxh4+ 43. Kxh4 Kc7 44. b3 Ra7 45. Nf5 Bxf5 46. exf5 Nf7 47. Nc5 Kc8 48. Ne4 Ra6 49. Kh5 Kd8 50. d6 Rc6 51. Nxf6 Nxd6 52. Nxh7 Ne8 53. Kg5 Kd7 54. f6 Nxf6 55. Nxf6+ Ke6 56. Ne4 Rc1 57. Kg6 Rb1 58. Nc5+ Kd5 59. Kf7 Rf1 60. Ne4 Rxf3+ 61. Nf6+ Kd4 62. g5 Rxb3 63. g6 Rg3 64. g7 e4 65. g8Q Rxg8 66. Nxg8 e3 67. Ke6 e2 68. Kd6 1-0